Resonance radiation and excited atoms, (Record no. 11909)

MARC details
000 -LEADER
fixed length control field 01082cam a22003131i 4500
001 - CONTROL NUMBER
control field 7825291
003 - CONTROL NUMBER IDENTIFIER
control field EG-ScBUE
005 - DATE AND TIME OF LATEST TRANSACTION
control field 20250612141046.0
008 - FIXED-LENGTH DATA ELEMENTS--GENERAL INFORMATION
fixed length control field 780630s1961 enka f 001 0 eng d
035 ## - SYSTEM CONTROL NUMBER
System control number (OCoLC)4022154
040 ## - CATALOGING SOURCE
Original cataloging agency DLC
Language of cataloging eng
Description conventions rda
Transcribing agency AzU
Modifying agency OCoLC
-- DLC
-- EG-ScBUE
082 04 - DEWEY DECIMAL CLASSIFICATION NUMBER
Classification number 535.3
Edition number 22
Item number MIT
100 1# - MAIN ENTRY--PERSONAL NAME
Personal name Mitchell, Allan C. G.
Fuller form of name (Allan Charles Gray),
Dates associated with a name 1902-
Relator term author.
9 (RLIN) 6498
245 10 - TITLE STATEMENT
Title Resonance radiation and excited atoms,
Statement of responsibility, etc by Allan C.G. Mitchell, Ph.D. and Mark W. Zemansky, Ph.D.
264 #1 - PUBLICATION, DISTRIBUTION, ETC. (IMPRINT)
Place of publication, distribution, etc Cambridge :
Name of publisher, distributor, etc The University Press,
Date of publication, distribution, etc 1961.
300 ## - PHYSICAL DESCRIPTION
Extent xvi, 338 pages :
Other physical details illustrations ;
Dimensions 22 cm
336 ## - CONTENT TYPE
Source rdacontent
Content type term text
Content type code txt
337 ## - MEDIA TYPE
Media type term unmediated
Source rdamedia
Media type code n
338 ## - CARRIER TYPE
Carrier type term volume
Carrier type code nc
Source rdacarrier
500 ## - GENERAL NOTE
General note Includes index.<br/>
500 ## - GENERAL NOTE
General note Includes appendix.<br/>
504 ## - BIBLIOGRAPHY, ETC. NOTE
Bibliography, etc "References" at end of each chapter.
650 #0 - SUBJECT ADDED ENTRY--TOPICAL TERM
Topical term or geographic name as entry element Radiation.
9 (RLIN) 6500
650 #7 - SUBJECT ADDED ENTRY--TOPICAL TERM
Topical term or geographic name as entry element Fluorescence.
Source of heading or term BUEsh
9 (RLIN) 6501
650 #7 - SUBJECT ADDED ENTRY--TOPICAL TERM
Topical term or geographic name as entry element Atoms.
Source of heading or term BUEsh
9 (RLIN) 6502
655 ## - INDEX TERM--GENRE/FORM
Form subdivision Reading book
700 1# - ADDED ENTRY--PERSONAL NAME
Personal name Zemansky, Mark Waldo,
Dates associated with a name 1900-
Relator term joint author.
9 (RLIN) 6503
942 ## - ADDED ENTRY ELEMENTS (KOHA)
Source of classification or shelving scheme Dewey Decimal Classification
Koha item type Book - Borrowing
Holdings
Withdrawn status Lost status Source of classification or shelving scheme Damaged status Not for loan Collection code Home library Current library Shelving location Date acquired Source of acquisition Cost, normal purchase price Total Checkouts Full call number Barcode Date last seen Price effective from Koha item type
    Dewey Decimal Classification     Alef-Baa Central Library Central Library First floor 21/06/2009   150.00   535.3 MIT 000016832 15/07/2025 21/06/2009 Book - Borrowing